London 2012 etendering service (Record no. 120579)
[ view plain ]
| 000 -LEADER | |
|---|---|
| fixed length control field | 01021cam a2200205 4500 |
| 001 - CONTROL NUMBER | |
| control field | ##L136595 |
| 008 - FIXED-LENGTH DATA ELEMENTS--GENERAL INFORMATION | |
| fixed length control field | 070212n 000 0 eng u |
| 035 ## - SYSTEM CONTROL NUMBER | |
| System control number | (Sirsi) u136595 |
| 041 0# - LANGUAGE CODE | |
| Language code of text/sound track or separate title | eng |
| 110 2# - MAIN ENTRY--CORPORATE NAME | |
| Corporate name or jurisdiction name as entry element | Olympic Delivery Authority |
| 9 (RLIN) | 5117 |
| 245 00 - TITLE STATEMENT | |
| Title | London 2012 etendering service |
| Medium | [electronic resource] |
| 520 ## - SUMMARY, ETC. | |
| Summary, etc. | This official website provides direct access to current, future, pan-government and past tendering opportunities generated by the Olympic Delivery Authority for the London 2012 Olympic Games and Paralympic Games. As well as viewing tendering opportunities, users can participate in tenders by registering with the website. Website also includes business support information and etendering FAQs. |
| 520 ## - SUMMARY, ETC. | |
| Summary, etc. | Service is not longer available. |
| 590 ## - LOCAL NOTE (RLIN) | |
| Local note | KA NTK |
| 650 24 - SUBJECT ADDED ENTRY--TOPICAL TERM | |
| Topical term or geographic name entry element | OLYMPIC GAMES 2012 |
| 651 #4 - SUBJECT ADDED ENTRY--GEOGRAPHIC NAME | |
| Geographic name | United Kingdom |
| Chronological subdivision | |
| 690 ## - LOCAL SUBJECT ADDED ENTRY--TOPICAL TERM (OCLC, RLIN) | |
| Topical term or geographic name as entry element | Procurement |
| 9 (RLIN) | 6260 |
| 856 ## - ELECTRONIC LOCATION AND ACCESS | |
| Uniform Resource Identifier | <a href="https://etenders.london2012.com">https://etenders.london2012.com</a> |
| Public note | View the website free of charge at https://etenders.london2012.com... |
| 942 ## - ADDED ENTRY ELEMENTS (KOHA) | |
| Suppress in OPAC | 0 |
| Withdrawn status | Lost status | Source of classification or shelving scheme | Damaged status | Not for loan | Home library | Current library | Shelving location | Date acquired | Total Checkouts | Full call number | Barcode | Date last seen | Copy number | Price effective from | Koha item type |
|---|---|---|---|---|---|---|---|---|---|---|---|---|---|---|---|
| Dewey Decimal Classification | Virtual | Virtual | Online | 12/02/2007 | WEB SITE | 136595-2001 | 06/08/2019 | 1 | 06/08/2019 | Online material |